Normal view
MARC view
Entry Topical Term
001 - CONTROL NUMBER
- control field: 8793
003 - CONTROL NUMBER IDENTIFIER
- control field: OSt
005 - DATE AND TIME OF LATEST TRANSACTION
- control field: 20240301210450.0
008 - FIXED-LENGTH DATA ELEMENTS
- fixed length control field: 240301|| aca||aabn | a|a d
040 ## - CATALOGING SOURCE
- Original cataloging agency: OSt
- Transcribing agency: OSt
150 ## - HEADING--TOPICAL TERM
- Topical term or geographic name entry element: Restaurants -- Marketing -- Management
670 ## - SOURCE DATA FOUND
- Source citation: Work cat.: (OSt): Cano, Abygael Joy D., author 8792, Marketing strategies of Servando's Restaurant Rosario Cavite SY 2005-2006 /, 2006.
